000 00457nam a2200169Ia 4500
008 240729s9999 xx 000 0 und d
022 _a1742-7622
245 0 _aEmerging Themes in Epidemiology
260 _aUnited Kingdom
260 _bBMC
650 _a Infectious and parasitic diseases
650 _a Internal medicine
650 _aMedicine
856 _uhttps://doaj.org/toc/49e3f3a90f404a5b86e5b0a55c4847ad
942 _2ddc
942 _cDOAJEJ
999 _c71789
_d71789
945 _a1
_bMadushi Gamage
_c1
_dMadushi Gamage